000
00312nam a22001457a 4500
008
210531b ||||| |||| 00| 0 eng d
020
_a
9781586852016
041
_a
eng
080
_a
91
082
_a
91
100
_a
42
101
_a
GJEO
245
_a
The Nebraska Adventure
_c
Lukesh,J.A
942
_2
udc
_c
BK
999
_c
57860
_d
57860